000 00823nam a22002417a 4500
005 20131011151235.0
008 120808t xxu||||| |||| 00| 0 eng d
010 _aENG-105519
020 _a9780198078319
_c625.00
020 _a0198078315
_c625.00
035 _aEN-89052
037 _bDBAD/PUB
040 _aDPL
_bEng
082 _a305.0954
100 1 _aGopal Guru
_950809
245 1 0 _aThe cracked mirror :
_cby Gopal Guru [and] Sundar Sarukkai
_ban Indian debate on experience and theory /
260 _aNew Delhi
_bOxford University Press
_c2012
270 _aYMCA Library Building, Jai Singh Road
_bNew Delhi
_e110001
300 _aviii,248p.
_c23cm(Hb)
500 _aIncludes bibliographical references and index.
700 _aSarukkai, Sundar
_950892
942 _2ddc
_cEN
_mGOP
_h305.0954
999 _c68942
_d68942